000 00633nam a2200217Ia 4500
008 101110s9999 xx 000 0 und d
041 _aENGLISH
082 _bJR6397
100 _aMaharashtra state board of secondary & higher sec.education, Pune
245 _aBook-keeping & accountancy XII
260 _c2010
_bMaharashtra state book of secondary & higher secondary education, Pune
300 _a400
365 _b143
520 _acommerce
546 _aENGLISH
630 _aBook-keeping & accountancy XII
650 _acommerce
655 _acommerce
730 _aBook-keeping & accountancy XII
942 _cBOOK
999 _c797190
_d797187